Регионална библиотека "Любен Каравелов" - Русе

На село : албум със стикери (Запис номер 520884)

MARC детайли
000 -Лидер
Контролно поле с фиксирана дължина 01299nam a2200301 a 4500
003 - Код на организацията, давaща контролен номер
Контролно поле BLK
005 - Дата и час на последна редакция
Контролно поле 20241030163332.0
008 - Елементи от данни с фиксирана дължина
fixed length control field 210603b bul|||||r ||||||| ||bul||
020 ## - Международен стандартен номер на книга ISBN
Международен стандартен номер на книга ISBN 9786192408831
040 ## - Източник на каталожния запис
Идентификатор на билиотеката - собственик на записа BLK
041 ## - Код за език
Код за езика на текст/звукозапис или на отделно заглавие Български
Код за езика КДБФ Български
080 ## - УДК
Текстов определител УДК Издания за деца и юноши. Книжки-картинки. Читанки. Вж и 372.4
УДК код - определител по УДК 087.5
УДК - код + определител 087.5
100 ## - Редна дума - Автор
R(LIN) 1299
Автор Костадинов, Костадин Василев
Авторска отговорност първи автор
139 ## - Редно поле
Редна дума Костадинов, Костадин Василев
245 10 - Сведения за заглавието
Заглавие На село : албум със стикери
Редно поле (дума) Костадин Костадинов ; худож. Таня Колева, Венцислав Кръстев
250 ## - Област на изданието
Сведения за изданието [2. изд.]
257 ## - Страна на издаване
Страна на създаване/издаване България
260 ## - Област на издателските данни
Място на издаване, разпространение и проч. София
Име на издателя, разпространителя и проч. ПАН
Година на издаване 2024
9 (RLIN) 209558
300 ## - Физическа характеристика
Страници [16] с.
Илюстрации и др. с цв. ил., [4] л. : цв. стикери
Размери/Мащаб 29 см
380 ## - Жанр
Жанр Детска отраслова лит.
490 ## - СЕРИИ (Колекции)
9 (RLIN) 456265
Име на серия Животните в България
500 ## - Общи забележки
Забележка 1. изд. 2019
650 #0 - Допълнително описание по предмет – тема
9 (RLIN) 259259
Основно описание – тема или топоним Животни - детска и юношеска литература
700 ## - Други автори (авторска отговорност)
9 (RLIN) 442668
Лично име Колева, Таня Ангелова
Автороска отговорност (Описва отношението между автора и произведението) худож.
700 ## - Други автори (авторска отговорност)
9 (RLIN) 292551
Лично име Кръстев, Венцислав
852 ## - Местоположение
Форматна сигнатура Цб ІІ 33386
Фондова буква Хранилище
942 ## - АРТИКУЛИ
Вид на библиотечния материал Книги
Скрит в OPAC Не
Периодичен библиозапис Да
999 ## - СИСТЕМНИ КОНТРОЛНИ НОМЕРА
Koha biblionumber 520884
Koha biblioitemnumber 520884
944 ## - СЪЗДАВАНЕ И РЕДАКЦИЯ на ЗАПИСА
Създаване/Редакция
Дата на регистрацията/редакция Нора Радева
Служител, извършил регистрацията/редакцията 30545
Статус, дата на статуса Нора Радева
Наличности
Код за отписване Код за изгубен артикул Източник на класификационната схема Код за повреда Коз за рестрикции Код за отдаване Артикулен № Име на библиотеката - собственик Име на библиотеката, в която се намира в момента Статус (Текущо местоположение) Дата на вписване в системата Местоположение - отдел Цена в лева Инвентарен номер Систематично азбучна сигнатура Баркод Цена в евро Служебен тип на артикула
  Не е изгубен Universal Decimal Classification Не е повреден само за читалня ползва се в читалня 953689 Регионална библиотека "Любен Каравелов" Русе Регионална библиотека "Любен Каравелов" Русе Хранилище 2024-11-01 Хранилище 7.90 120000914475 Цб ІІ 33386 120000914475 4.04 Книги
Vip Innovations Ltd, Rousse, Bulgaria 2025